Daily Capital City Riddle #60 - Statistics

General Stats
  • This quiz has been taken 49 times
  • The average score is 29 of 35
Answer Stats
Type Answer % Correct
Found Letter A
100%
Found Letter S
100%
Alphabet Letter C
98%
Found Letter I
98%
Alphabet Letter R
98%
Alphabet Letter B
95%
Alphabet Letter D
95%
Found Letter N
95%
Alphabet Letter T
95%
Alphabet Letter U
95%
Alphabet Letter E
93%
Alphabet Letter O
93%
Alphabet Letter P
93%
Alphabet Letter G
91%
Alphabet Letter L
91%
Alphabet Letter W
88%
Found Letter H
86%
Alphabet Letter M
84%
Correctly Placed Letter N
84%
Correctly Placed Letter A
81%
Correctly Placed Letter I
79%
Alphabet Letter J
79%
Found Letter K
79%
Alphabet Letter Y
77%
Correctly Placed Letter A
74%
Alphabet Letter X
72%
Correctly Placed Letter S
70%
Alphabet Letter V
70%
Alphabet Letter Z
70%
Correctly Placed Letter K
67%
Correctly Placed Letter S
67%
Alphabet Letter F
65%
Alphabet Letter Q
65%
Correctly Placed Letter H
63%
Mystery Capital Kinshasa
63%
No matching quizzes found
Score Distribution
Percent of People with Each Score
Percentile by Number Answered
Your Score History
You have not taken this quiz